MDQL
is popping MORE tags! Check the
thread
!
Quizzes
Events
Quiz Creation
Community
Videos
Private Events
Remove Ads
Sign In
Join for FREE
Feedback
Dark Mode
Quiz Categories
Sports
Geography
Music
Movies
Television
Just For Fun
Miscellaneous
History
Literature
Language
Science
Gaming
Entertainment
Religion
Holiday
For Kids
Quiz Lab
Recent
Popular Today
Quiz Kudos Today
Editor Picks
Curator Picks
Quizzes by...
Day
Popularity
Type
Ratings
Length
Year
Community
Subscriptions
Recent Discussions
Orange Saloon
Badges
Playlists
Quests
Create
Leaderboards
Showdown
Live 5
Trivia Bingo
Activity
Puzzle Library
Sporcle Events
Private Events
Virtual Trivia
Globe League
Become a Host
Pub Owners
SporcleCon
Opinionation
Our Games
Videos
Blog
Mobile Apps
Partnerships
Remove Ads and Go Orange
Feedback
History
US Presidents
World Leaders
Politics
Nation
Discovery
War
Decade
Year
Century
Biography
Art
History
US Presidents
World Leaders
Politics
Nation
Discovery
War
Decade
Year
Century
Biography
Art
Random Quiz
Search Sporcle
×
Quiz Lab
Quiz Lab
History
College
Type in answers that appear in a list
Type in answers that appear in a list
Classic
Best Score? Go Orange.
University of London Constituent Colleges Stats
Can you name the University of London Constituent Colleges?
By
flixuk
7m
19 Questions
626 Plays
626 Plays
626 Plays
Comments
Comments
Give Quiz Kudos
Give Quiz Kudos
-
- Ratings
hide this ad
Replay
Link that replays current quiz
Next Quiz
Link to next quiz in quiz playlist
You Got
0%
They Got
Avg Score
38%
Avg Friend Score
Upgrade to see
Score Distribution
Jump to the score distribution portion of the page
Score
0/19
Timer
07:00
0
Plays Today
Year joined
College
% Correct
1836
University College
96.8%
1836
King's College
93.9%
1900
London School of Economics and Political Science
76.5%
1915
Queen Mary
70.1%
1916
The School of Oriental and African Studies
65.5%
1900
Royal Holloway
60.1%
1920
Birkbeck
53.8%
1904
Goldsmith's
52.2%
1954
St George's
29.4%
1899
The London School of Hygiene & Tropical Medicine
25.2%
Year joined
College
% Correct
1909
The Institute of Education
17.6%
1999
Royal Academy of Music
17.6%
1949
Royal Veterinary College
15.2%
1971
Heythrop College
14.1%
1932
Courtauld Institute of Art
12.5%
1964
London Business School
12.5%
2005
The Central School of Speech and Drama
11.5%
1926
The School of Pharmacy
8.8%
1909
The Institute of Cancer Research
7.2%
Quiz Playlist
Details
Report
Send in Message
Add To Playlist
Classic:
Type in answers that appear in a list
Quiz Source
Last Updated: Feb 16, 2017
Quiz Scoreboard
CHALLENGE
Sign Up to Join the Scoreboard
Show All
Scores
Hide
Comments
May contain spoilers
Recently Published
Holiday 10x10 Sorting Gallery
by lukepisani3
Holiday
15m
Two Season TV Shows II
by 123Four
Television
10m
Image Sorting: Flags VI
by Barbecue
Geography
2m
More to Explore
Quiz From the Vault
Featured Blog Post
14 Easter Pick-up Lines to Find Eggs With
hide this ad
You Might Also Like...
Tags
College Quiz
University Quiz
constituent
Joined
London
Today's Top Quizzes in History
Browse History
hide this ad
Today's Top Quizzes in College
Browse College
Top Contributed Quizzes in History
1
I Am Born On March 29th
2
Order Up: 1000 Years of World Events I
3
US National Parks Named After People
4
Popular People in 1991
5
Popular People in 1951
6
Popular People in 1941
7
Popular People in 1981
8
Popular People in 1986
9
Popular People in 1976
10
Popular People in 1921
Explore More
Trending Topics
NBA
Anime
Disney
Harry Potter
Kpop
Marvel
Crossword
Song
NFL
The Office
Soccer
Pokémon
WWE
Country
Puzzle
hide this ad
More By:
flixuk
Quiz
Plays
Rating
Category
Featured
Created
'Kingdom' Countries
158,676
4.59
Geography
Jul 2, 2010
Papal Countries of Birth
9,497
3.87
Religion
Dec 25, 2009
Global US troop deployment
2,933
3.75
Geography
Jan 24, 2010
Bond films in Spanish
2,924
4.06
Language
Jan 27, 2011
Bond Films in French
2,557
4.60
Language
Jan 29, 2011
Go to Creator's Profile
Score Distribution
Quiz Creator Spotlight
flixuk
Follow
Send a Message
Quizzes Created
-
Created Quiz Play Count
-
More By This Creator
Popular Quizzes Today
1
Find the US States - No Outlines Minefield
2
Colored Red Africa Blitz
3
Find the 'City' Movie
4
The Countries of the World
5
5x2 Blitz: Bands
6
Find the Countries of Europe - No Outlines Minefield
7
Find the US States
8
US States
More History Quizzes
Great Offices of State
Quiz Lab
Trending Quizzes
Colored Red Europe Blitz I
Colored Red Africa Blitz II
Colored Red Europe Blitz II
Even More Two Season TV Shows
Colored Red Africa Blitz III
Recently Updated
Quick Pick: 20 Twenties
pecheneg
March Madness Men's Triple Doubles
pecheneg
How Do You Spell That?
pecheneg
Godzilla Movies
pecheneg
Grab Bag: 4-10 Letters
pecheneg
2024 March Madness Bracket
pecheneg
Famous TV Couples
Peacemaker
Champions League XIs: Real Madrid
pecheneg
Largest US Cities 1790-2010
pecheneg
Rides in Walt Disney World
pecheneg
Trending Topics
Crossword
NBA
Harry Potter
Anime
Disney
Kpop
Marvel
WWE
Puzzle
Pokémon
NFL
Country
Song
Soccer
The Office
Your Account Isn't Verified!
In order to create a playlist on Sporcle, you need to verify the email address you used during registration. Go to your
Sporcle Settings
to finish the process.
Report this User
Report this user for behavior that violates our
Community Guidelines
.
Details:
Send Report
Go to the Sporcle.com Mobile Site →
Comments